Cronistas coloniales
Guardat en:
| Autor principal: | |
|---|---|
| Format: | Llibre |
| Idioma: | espanyol |
| Publicat: |
Quito
Corporación de Estudios y Publicaciones
1989
|
| Col·lecció: | Biblioteca Ecuatoriana Clásica
|
| Matèries: | |
| Etiquetes: |
Afegir etiqueta
Sense etiquetes, Sigues el primer a etiquetar aquest registre!
|
MARC
| LEADER | 00000nam a2200000 a 4500 | ||
|---|---|---|---|
| 001 | UCM1757 | ||
| 003 | CL-VaPUC | ||
| 008 | 020412e19890000EC |||||||||||||||||spa|d | ||
| 082 | 0 | 4 | |a 986.6 |b PAE |2 21 |
| 100 | |a Páez, José Roberto |e autor |9 468583 | ||
| 245 | 1 | 0 | |a Cronistas coloniales |
| 300 | |a 2 v | ||
| 942 | |c BK | ||
| 945 | |d 20020412 00:00:00 |a cmena | ||
| 260 | |a Quito |b Corporación de Estudios y Publicaciones |c 1989 | ||
| 650 | 0 | |a Historiadores |9 314498 | |
| 650 | 0 | |a Historia |9 255047 | |
| 651 | 0 | |a Ecuador |9 258378 | |
| 583 | |a last modification |c 20020412 00:00:00 |k Rodrigo Vera | ||
| 490 | 0 | |a Biblioteca Ecuatoriana Clásica | |
| 999 | |c 299998 |d 299996 | ||
| 952 | |0 0 |1 0 |4 0 |6 986_600000000000000_PAE_1989 |7 0 |8 P |9 357269 |a BIBEDU |b BIBEDU |c BIBEDU_PB |d 2019-11-21 |h v.1 |i 3670546 |o 986.6 PAE 1989 |p 3670546 |r 2024-01-25 |w 2019-11-21 |y BK |k LIT | ||
| 952 | |0 0 |1 0 |4 0 |6 986_600000000000000_PAE_1989 |7 0 |8 P |9 357270 |a BIBEDU |b BIBEDU |c BIBEDU_PB |d 2019-11-21 |h v.2 |i 3670554 |o 986.6 PAE 1989 |p 3670554 |r 2024-01-25 |w 2019-11-21 |y BK |k LIT | ||